Представление документа в формате RUSMARC

ПолеНазваниеЗначение
  Тип записи a
  Библиографический уровень m
001 Контрольный номер RU/УОНБ/EK_R/381077044
005 Дата корректировки 20250520125513.8
010 Индекс ISBN __
d Цена 10 р.
9 Тираж 100000 экз.
b Уточнения в пер.
100 Данные общей обработки __
a Данные общей обработки 20120128d1955 u y0rusy0189||||ca
101 Язык документа 0_
a Язык текста rus
102 Страна публикации __
a Страна публикации RU
105 Кодированные данные (монография) __
a Кодированные данные (монография) a z 000ay
200 Заглавие и сведения об ответственности 1_
a Заглавие Повести и рассказы
f Первые сведения об ответственности Н.Г. Гарин-Михайловский
g Последующие сведения об ответственности [подготовка текста, послесл. и прим. О.М. Румянцевой]
210 Выходные данные 1_
a Место издания Москва
c Издательство Моск. рабочий
d Дата издания 1955
215 Физическое описание __
a Объем 552 с.
c Иллюстрации/тип воспроизводства ил.
d Формат 20 см
327 Примечание о содержании 01
a Примечание о содержании Содерж.: Детство Темы ; Гимназисты и др.
606 Тематические рубрики 0_
a Основная рубрика Проза (х. л.)
686 Индексы других классификаций __
a Классификационный индекс 84Р1
2 Код системы rubbk
700 Автор _1
a Фамилия Гарин-Михайловский
b Имя (инициалы) Н.Г.
g Полное личное имя Николай Георгиевич
702 Вторичная интеллектуальная ответственность _1
a Фамилия Румянцева
b Имя (инициалы) О.М.
4 Код отношения 080
801 Источник записи _0
a Страна RU
b Организация Ульяновская ОНБ
c Дата составления 20120128
g Правила каталогизации RCR
801 Источник записи _1
a Страна RU
b Организация Ульяновская ОНБ
c Дата составления 20120128
g Правила каталогизации RCR
901 Тип документа __
t Тип документа m
909 Создатель записи __
a Создатель записи Тихонова
938 Служебная информация __
a Имя БД retro
b Имя библиотеки УОНБ
c Имя АИБС МАРК-SQL
d Номер DOC_ID в БД 26943